000 00908cam a2200277 i 4500
001 114311
005 20230410103802.0
008 140205b2010 sp a 000 0 spa
020 _a9788432314629
041 _aspa
049 _aGRAL
050 1 4 _a338 DK 254
_bL566S 2010
082 0 0 _a923.247
100 1 _aService, Robert,
_d1947-
245 1 0 _aLenin :
_buna biografía /
_cRobert Service; prólogo Manuel Vázquez Montalbán
250 _a2a ed.
260 _aMadrid :
_bSiglo Veintiuno de España Editores,
_c2010
300 _axxxiv, 643 p
600 1 0 _aLenin, Vladimir Ilich,
_d1870-1924.
650 0 _aHeads of state
_zSoviet Union
_vBiography.
650 0 _aRevolutionaries
_zSoviet Union
_vBiography.
600 1 4 _aLenin, Vladimir Ilich, 1870-1924.
700 1 _aVázquez Montalbán, Manuel, 1939-2003.
_epról
700 1 _aAlvarez Flórez, José Manuel, 1939-,
_etr.
942 _2lcc
_cbk
999 _c25781
_d25781